| 000 | 00697nam a22002297a 4500 | ||
|---|---|---|---|
| 003 | LK-CoDNM | ||
| 005 | 20241008104450.0 | ||
| 008 | 241008b |||||||| |||| 00| 0 eng d | ||
| 040 |
_aLK-CoDNM _dLK-CoDNM _eLK-CoDNM |
||
| 041 | _asin | ||
| 080 |
_a105 _bB1 |
||
| 100 | _aඑච්. ඒ. ඇස්. පෙරේරා | ||
| 245 | _aවට වන්දනාව | ||
| 260 |
_aකොළඹ _bව්ජය මුද්රණාලය _c1986 |
||
| 300 | _b8p. ; 24 cm | ||
| 650 | _aවට වන්දනාව | ||
| 650 | _aඑච්. ඒ. ඇස්. පෙරේරා | ||
| 650 | _aව්ජය මුද්රණාලය | ||
| 650 | _a1986 | ||
| 650 | _a105 A35 | ||
| 942 | _cBK | ||
| 999 |
_c218252 _d218252 |
||